000 00313nam a22001337a 4500
008 171023b xxu||||| |||| 00| 0 eng d
020 _a9789951437202
041 _aalb
080 _a338
100 _a54
101 _aMEN
245 _a(S)AMUND T'I BESOHET LIDERSHIPIT TË KOSOVËS?
_cBEQAJ.B
942 _2udc
_cBK
999 _c35349
_d35349